| 000 | 00901nas a2200313 4500 | ||
|---|---|---|---|
| 001 | BR2015000126 | ||
| 003 | BR-BrBNA | ||
| 005 | 20231205124902.0 | ||
| 007 | ta | ||
| 008 | 230509b bl.|||p| |||| 00| 00por d | ||
| 040 |
_aBR-BrBNA _bpor _cBiblioteca Nacional de Agricultura |
||
| 041 | _a(Pt) | ||
| 072 | _aQ03 | ||
| 100 | 1 | _aCaselani, K. | |
| 100 | 1 | _aPrata, L.F. | |
| 100 | 1 | _aPicinato, M.A. de C. | |
| 100 | 1 | _aMarchi, P.G.F. de | |
| 245 | 1 | _aImportância da Listeria Monocytogenes na indústria da carne bovina | |
| 650 | _aBOVINO | ||
| 650 | _aCARNE | ||
| 650 | _aLISTERIOSE | ||
| 650 | _aBIOFILME | ||
| 650 | _aSAÚDE PÚBLICA | ||
| 650 | _aSEGURANÇA ALIMENTAR | ||
| 650 | _aCONSUMIDOR | ||
| 773 | 0 |
_tHigiene Alimentar (Brazil) _xISSN 0101-9171 _g(Nov-Dec 2013), v. 27(226-227) p. 73-77 _wBR2015000126 |
|
| 909 |
_a202311 _bLúcia _c55 _dLúcia Elande |
||
| 942 |
_2AGRIS _n0 _cANA |
||
| 999 |
_c241424 _d241424 |
||